Andrés Bello : (Record no. 5699)
[ view plain ]
| 000 -CABECERA | |
|---|---|
| campo de control de longitud fija | 00710cam a2200193 a 4500 |
| 001 - NÚMERO DE CONTROL | |
| campo de control | 000005903 |
| 005 - FECHA Y HORA DE LA ÚLTIMA TRANSACCIÓN | |
| campo de control | 20200929151831.0 |
| 008 - DATOS DE LONGITUD FIJA--INFORMACIÓN GENERAL | |
| campo de control de longitud fija | 821014s1981 cl a 001 0bspa |
| 040 ## - FUENTE DE LA CATALOGACIÓN | |
| Centro catalogador/agencia de origen | DO-SdBNP |
| Lengua de catalogación | spa |
| Centro/agencia transcriptor | BNPHU |
| 082 ## - NÚMERO DE LA CLASIFICACIÓN DECIMAL DEWEY | |
| Número de clasificación | 928.87 |
| Número de documento/Ítem | B446A |
| 100 1# - ENTRADA PRINCIPAL--NOMBRE DE PERSONA | |
| Nombre de persona | Ávila Martel, Alamiro de, |
| Fechas asociadas al nombre | 1918-1990. |
| 9 (RLIN) | 16651 |
| 245 10 - MENCIÓN DE TÍTULO | |
| Título | Andrés Bello : |
| Resto del título | breve ensayo sobre su vida y su obra / |
| Mención de responsabilidad, etc. | Alamiro de Ávila Martel; proyectó la edición, Macarena Varela. |
| 260 ## - PUBLICACIÓN, DISTRIBUCIÓN, ETC. | |
| Lugar de publicación, distribución, etc. | Santiago, Chile : |
| Nombre del editor, distribuidor, etc. | Universitaria, |
| Fecha de publicación, distribución, etc. | 1981. |
| 300 ## - DESCRIPCIÓN FÍSICA | |
| Extensión | 99 p. : |
| Otras características físicas | il. ; |
| Dimensiones | 23 cm. |
| 600 14 - PUNTO DE ACCESO ADICIONAL DE MATERIA--NOMBRE DE PERSONA | |
| Nombre de persona | BELLO, ANDRÉS, |
| Fechas asociadas al nombre | 1781-1865. |
| 9 (RLIN) | 16652 |
| 650 #4 - PUNTO DE ACCESO ADICIONAL DE MATERIA--TÉRMINO DE MATERIA | |
| Término de materia o nombre geográfico como elemento de entrada | Autores venezolanos |
| Subdivisión cronológica | SIGLO XIX |
| Subdivisión general | Biografía |
| 9 (RLIN) | 16653 |
| 700 1# - PUNTO DE ACCESO ADICIONAL--NOMBRE DE PERSONA | |
| Nombre de persona | Varela, Macarena |
| Término indicativo de función/relación | ed. |
| 9 (RLIN) | 16654 |
| 910 ## - DATOS DE OPCIÓN DEL USUARIO (OCLC) | |
| Datos de opción del usuario | En proceso |
| Estado de retiro | Estado de pérdida | Restricciones de uso | No para préstamo | Código de colección | Localización permanente | Ubicación/localización actual | Ubicación en estantería | Fecha de adquisición | Número de inventario | Total de préstamos | Signatura topográfica completa | Código de barras | Fecha visto por última vez | Precio válido a partir de | Tipo de ítem Koha | Número de copia |
|---|---|---|---|---|---|---|---|---|---|---|---|---|---|---|---|---|
| Préstamo interno | Monografías: Libros y Folletos | General | General | Depósito | 24.08.2009 | LF1 | 928.87 B446A | 5903-10 | 25.06.2020 | 25.06.2020 | Préstamo interno | |||||
| Extraviado | Préstamo restringido | Préstamo restrigido | Monografías: Libros y Folletos | General | General | Extraviado | 09.04.2010 | LF1 | 928.87 B446A | 5903-20 | 25.06.2020 | 25.06.2020 | Préstamo interno | e. 2 | ||
| Monografías: Libros y Folletos | Patrimonio Dominicano | Patrimonio Dominicano | Orden iniciada | 22.07.2013 | LF1 | 928.87 B446A | 5903-30 | 25.06.2020 | 25.06.2020 | No se presta |
